Countries with More than 1000 Islands - Statistics

General Stats
  • This quiz has been taken 66 times
  • The average score is 20 of 28
Answer Stats
Answer % Correct
Canada
98%
Indonesia
97%
Russia
95%
United States
95%
Japan
93%
Norway
93%
Sweden
93%
China
92%
Finland
92%
India
86%
United Kingdom
86%
Australia
85%
Denmark
83%
Philippines
81%
Greece
78%
Chile
75%
Papua New Guinea
69%
Thailand
64%
South Korea
63%
Vietnam
63%
Myanmar
53%
North Korea
53%
Maldives
47%
Estonia
37%
Croatia
36%
Cuba
36%
Marshall Islands
36%
Saudi Arabia
36%
No matching quizzes found
Score Distribution
Percent of People with Each Score
Percentile by Number Answered
Your Score History
You have not taken this quiz